000 00347nam a22001457a 4500
003 OSt
005 20160727222458.0
008 160705b xxu||||| |||| 00| 0 eng d
040 _cTEST
100 _92234
_a Shankar, A
245 _aSonali's Friend
260 _aN.D
_b Children Books Trust
_c2004
300 _aSonali's Friend
942 _2ddc
_cBK
999 _c1923
_d1923